| 000 | 00391nam a22001697a 4500 | ||
|---|---|---|---|
| 003 | OSt | ||
| 008 | 200713b ||||| |||| 00| 0 eng d | ||
| 020 | _a9789352705474 | ||
| 082 | _a616.07 MOT | ||
| 100 | _aMohan, Harsh | ||
| 245 | _aText Book of Pathology | ||
| 250 | _a8th | ||
| 260 |
_aN Delhi _bJaypee Brother _c2019 |
||
| 300 | _a1010 | ||
| 650 | _aPathophysiology | ||
| 942 |
_2ddc _cBK |
||
| 999 |
_c8877 _d8877 |
||